<?xml version="1.0" encoding="UTF-8"?>
<record
    xmlns:xsi="http://www.w3.org/2001/XMLSchema-instance"
    xsi:schemaLocation="http://www.loc.gov/MARC21/slim http://www.loc.gov/standards/marcxml/schema/MARC21slim.xsd"
    xmlns="http://www.loc.gov/MARC21/slim">

  <leader>01077nam a2200265 i 4500</leader>
  <controlfield tag="001">159372</controlfield>
  <controlfield tag="003">ES-MaACL</controlfield>
  <controlfield tag="005">20251015170208.0</controlfield>
  <controlfield tag="008">170505s1911    sp           |||| | spa d</controlfield>
  <datafield tag="100" ind1="1" ind2=" ">
    <subfield code="a">Bach, L.</subfield>
    <subfield code="9">162537</subfield>
  </datafield>
  <datafield tag="245" ind1="1" ind2="0">
    <subfield code="a">Enfermedades de los ojos, de las fosas nasales, de la laringe y de los o&#xED;dos / </subfield>
    <subfield code="c">por los profesores L. Bach, von Eicken y W. K&#xFC;mmel ; traducci&#xF3;n directa del alem&#xE1;n por E. Garc&#xED;a del Real.</subfield>
  </datafield>
  <datafield tag="260" ind1=" " ind2=" ">
    <subfield code="a">Madrid : </subfield>
    <subfield code="b">Saturnino Calleja Fern&#xE1;ndez, </subfield>
    <subfield code="c">1911.</subfield>
  </datafield>
  <datafield tag="300" ind1=" " ind2=" ">
    <subfield code="a">61 p. ; </subfield>
    <subfield code="c">24 cm.</subfield>
  </datafield>
  <datafield tag="490" ind1="1" ind2=" ">
    <subfield code="a">Anuario de ciencias m&#xE9;dicas. Segunda serie ; </subfield>
    <subfield code="v">11</subfield>
  </datafield>
  <datafield tag="650" ind1=" " ind2="4">
    <subfield code="a">Ojos-</subfield>
    <subfield code="x">Enfermedades.</subfield>
    <subfield code="9">139434</subfield>
  </datafield>
  <datafield tag="650" ind1=" " ind2="4">
    <subfield code="a">Nariz-</subfield>
    <subfield code="x">Enfermedades.</subfield>
    <subfield code="9">170899</subfield>
  </datafield>
  <datafield tag="650" ind1=" " ind2="4">
    <subfield code="a">Laringe-</subfield>
    <subfield code="x">Enfermedades.</subfield>
    <subfield code="9">157105</subfield>
  </datafield>
  <datafield tag="650" ind1=" " ind2="4">
    <subfield code="a">O&#xED;do-</subfield>
    <subfield code="x">Enfermedades.</subfield>
    <subfield code="9">136645</subfield>
  </datafield>
  <datafield tag="700" ind1="1" ind2=" ">
    <subfield code="a">Eicken.</subfield>
    <subfield code="9">162538</subfield>
  </datafield>
  <datafield tag="700" ind1="1" ind2=" ">
    <subfield code="a">K&#xFC;mmel, W.</subfield>
    <subfield code="9">162539</subfield>
  </datafield>
  <datafield tag="700" ind1="0" ind2=" ">
    <subfield code="a">Garc&#xED;a del Real, Eduardo, </subfield>
    <subfield code="d">1870-1946</subfield>
    <subfield code="9">54523</subfield>
  </datafield>
  <datafield tag="830" ind1="0" ind2=" ">
    <subfield code="a">Anuario de ciencias m&#xE9;dicas. Segunda serie ; </subfield>
    <subfield code="v">11</subfield>
    <subfield code="9">180969</subfield>
  </datafield>
  <datafield tag="852" ind1=" " ind2=" ">
    <subfield code="a">ES-MaACL</subfield>
    <subfield code="j">B-11066(5) </subfield>
    <subfield code="z">- Encuadernado con otras obras</subfield>
  </datafield>
  <datafield tag="999" ind1=" " ind2=" ">
    <subfield code="c">159372</subfield>
    <subfield code="d">159372</subfield>
  </datafield>
  <datafield tag="952" ind1=" " ind2=" ">
    <subfield code="0">0</subfield>
    <subfield code="1">0</subfield>
    <subfield code="4">0</subfield>
    <subfield code="7">0</subfield>
    <subfield code="a">ATENEOM</subfield>
    <subfield code="b">ATENEOM</subfield>
    <subfield code="c">SPB</subfield>
    <subfield code="d">2017-05-05</subfield>
    <subfield code="e">SC</subfield>
    <subfield code="l">0</subfield>
    <subfield code="o">B-11066(5)</subfield>
    <subfield code="p">1197524</subfield>
    <subfield code="r">2023-02-23 00:00:00</subfield>
    <subfield code="w">2023-02-23</subfield>
    <subfield code="y">MONOGRAFIA</subfield>
  </datafield>
</record>
